RICS global distressed property monitor (Record no. 109989)

MARC details
000 -LEADER
fixed length control field 01189cad a22002295a 4500
001 - CONTROL NUMBER
control field E148285
008 - FIXED-LENGTH DATA ELEMENTS--GENERAL INFORMATION
fixed length control field 090828s2009 xxk f 000 0 eng d
035 ## - SYSTEM CONTROL NUMBER
System control number (Sirsi) u148285
041 0# - LANGUAGE CODE
Language code of text/sound track or separate title eng
050 04 - LIBRARY OF CONGRESS CALL NUMBER
Classification number 333.33 $2 18
110 2# - MAIN ENTRY--CORPORATE NAME
Corporate name or jurisdiction name as entry element Royal Institution of Chartered Surveyors
Subordinate unit Economics
9 (RLIN) 5033
245 00 - TITLE STATEMENT
Title RICS global distressed property monitor
Remainder of title August 2009
Medium [electronic resource]
260 ## - PUBLICATION, DISTRIBUTION, ETC.
Place of publication, distribution, etc. London
Name of publisher, distributor, etc. RICS
Date of publication, distribution, etc. 2009
490 #0 - SERIES STATEMENT
Series statement RICS Global Distressed Property Monitor
Volume/sequential designation August 2009
520 ## - SUMMARY, ETC.
Summary, etc. Reports that over 75% of the 27 countries surveyed have seen a rise in distressed properties compared to the previous three months. Investor interest in distressed properties has grown in globally, with the biggest pick up in Italy and the UK. Suggests that the speed of bank foreclosures remains moderate with less than 2 in 10 respondents on average reporting a pick up.
521 ## - TARGET AUDIENCE NOTE
Target audience note Advanced
590 ## - LOCAL NOTE (RLIN)
Local note KA
651 #4 - SUBJECT ADDED ENTRY--GEOGRAPHIC NAME
Geographic name International
690 ## - LOCAL SUBJECT ADDED ENTRY--TOPICAL TERM (OCLC, RLIN)
Topical term or geographic name as entry element PROPERTY-COMMERCIAL PROPERTY-COMMERCIAL PROPERTY MARKET
856 40 - ELECTRONIC LOCATION AND ACCESS
Uniform Resource Identifier <a href="https://www.rics.org/site/download_feed.aspx?fileID=3785&fileExtension=PDF">https://www.rics.org/site/download_feed.aspx?fileID=3785&fileExtension=PDF</a>
Public note View the document free of charge (pdf file) at www.rics.org...
942 ## - ADDED ENTRY ELEMENTS (KOHA)
Suppress in OPAC 0
Holdings
Withdrawn status Lost status Source of classification or shelving scheme Damaged status Not for loan Home library Current library Shelving location Date acquired Total Checkouts Full call number Barcode Date last seen Copy number Price effective from Koha item type
    Dewey Decimal Classification     Virtual Virtual Online 28/08/2009   ONLINE PUBLICATION 148285-2001 06/08/2019 1 06/08/2019 Book